000 00325nam a2200145Ia 4500
005 20251222144703.0
008 251222s9999||||xx |||||||||||||| ||spa||
020 _a9780307588661
082 _a813.6/M86
100 _aMoran, Michelle
245 0 _aMadame Tussaud
250 _a1ra.ed.
264 _bBroadwey
942 _cLIB
999 _c17517
_d17517